Tabulae schematicae cum introductione de principiis et compositione comparatis

Guardat en:
Dades bibliogràfiques
Autor principal: Suermondt, Clemens S (Autor)
Format: Llibre
Idioma:llatí
Publicat: Roma Marietti 1943
Matèries:
Etiquetes: Afegir etiqueta
Sense etiquetes, Sigues el primer a etiquetar aquest registre!

MARC

LEADER 00000nam a2200000 a 4500
001 UCZ3449
003 CL-VaPUC
008 951020e19430000IT |||||||||||||||||lat|d
082 0 4 |a 189.4  |b SUE  |2 21 
100 0 |a Suermondt, Clemens S  |e author  |9 347215 
245 1 0 |a Tabulae schematicae cum introductione de principiis et compositione comparatis 
246 1 0 |a Summae theologiae et summae contra gentiles S. Thomae Aquinatis 
300 |a 50 p 
942 |c BK 
945 |d 19951020 00:00:00  |a lriquelm 
260 |a Roma  |b Marietti  |c 1943 
600 0 |a Tomás de Aquino  |d 1220-1274  |c Santo  |9 255832 
650 0 |a Escolasticismo  |9 264998 
650 0 |a Filosofía medieval  |9 256245 
650 7 |a GUIAS  |2 CL-VaPUC  |9 347216 
583 |a last modification  |c 19951020 00:00:00  |k Rodrigo Vera 
999 |c 239924  |d 239922 
952 |0 0  |1 0  |4 0  |6 189_400000000000000_SUE_1943  |7 0  |8 P  |9 251453  |a BIBEDU  |b BIBEDU  |c BIBEDU_PB  |d 2019-11-18  |i 1589172  |o 189.4 SUE 1943  |p 1589172  |r 2024-01-25  |w 2019-11-18  |y BK  |k FIL